Drainage of Irrigated Lands of Pakistan / (Record no. 1606)

000 -LEADER
fixed length control field 00288 a2200097 4500
082 ## - DEWEY DECIMAL CLASSIFICATION NUMBER
Classification number 627.54 NAZ
100 ## - MAIN ENTRY--PERSONAL NAME
Personal name Dr.Nazir Ahmad
245 ## - TITLE STATEMENT
Title Drainage of Irrigated Lands of Pakistan /
Statement of responsibility, etc. Dr. Nazir Ahmad
260 ## - PUBLICATION, DISTRIBUTION, ETC.
Place of publication, distribution, etc. Lahore :
Date of publication, distribution, etc. Shazad Nazir Publisher,
Name of publisher, distributor, etc. 1998
300 ## - PHYSICAL DESCRIPTION
Extent variouse pages :
Other physical details ill. ;
Dimensions 25cm
650 ## - SUBJECT ADDED ENTRY--TOPICAL TERM
Topical term or geographic name entry element Drainage
Holdings
Withdrawn status Lost status Damaged status Not for loan Permanent Location Current Location Shelving location Date acquired Total Checkouts Full call number Barcode Date last seen Date last checked out Price effective from Koha item type
        School of Civil and Environmental Engineering (SCEE) School of Civil and Environmental Engineering (SCEE)     1 627.54 NAZ NIT-569 10/23/2025 10/17/2019 01/05/2017 Book
© 2023 Central Library, National University of Sciences and Technology. All Rights Reserved.